| Tag |
First Indicator |
Second Indicator |
Subfields |
| LEADER |
00000cam a22000008a 4500 |
| 001 |
in00000578921 |
| 005 |
20151014090016.0 |
| 008 |
860407s1987 enk 00110 eng d |
| 010 |
|
|
|a gb 86013580
|
| 015 |
|
|
|a GB86-13580
|
| 020 |
|
|
|a 0860911527 (cased) :
|c 20.00 (May)
|
| 020 |
|
|
|a 0860918653 (pbk) :
|c 7.95
|
| 035 |
|
|
|a (OCoLC)13667972
|
| 035 |
|
|
|9 ACQ6306AM
|
| 040 |
|
|
|a UKM
|c UKM
|d m/c
|d TXA
|d UtOrBLW
|
| 041 |
1 |
|
|a eng
|h fre
|
| 049 |
|
|
|a TXAM
|c [A10943532]
|
| 082 |
0 |
|
|a 330.9/048
|2 19
|
| 090 |
|
|
|a HC59
|b .L5613 1987
|
| 100 |
1 |
|
|a Lipietz, Alain.
|
| 240 |
1 |
0 |
|a Mirages et miracles.
|l English
|
| 245 |
1 |
0 |
|a Mirages and miracles :
|b the crisis of global Fordism /
|c Alain Lipietz ; translated by David Macey.
|
| 264 |
|
1 |
|a London :
|b Verso,
|c 1987.
|
| 300 |
|
|
|a 226 pages ;
|c 21 cm.
|
| 336 |
|
|
|a text
|b txt
|2 rdacontent
|
| 337 |
|
|
|a unmediated
|b n
|2 rdamedia
|
| 338 |
|
|
|a volume
|b nc
|2 rdacarrier
|
| 500 |
|
|
|a Includes index.
|
| 500 |
|
|
|a Translation of: Mirages et miracles.
|
| 650 |
|
0 |
|a Economic history
|y 1971-1990.
|
| 653 |
|
|
|a Economic conditions
|
| 886 |
2 |
|
|2 UK MARC
|a 016
|b 00
|a 100=NOTNAL
|
| 886 |
2 |
|
|2 UK MARC
|a 690
|b 00
|z 21030
|a economic conditions
|
| 886 |
2 |
|
|2 UK MARC
|a 691
|b 00
|a 2862700
|
| 886 |
2 |
|
|2 UK MARC
|a 692
|b 00
|a 0002062
|
| 999 |
|
|
|a MARS
|
| 999 |
f |
f |
|s 464ad5e5-bcf9-37b3-bb48-14ba215818d2
|i d0f2c856-4380-3d0a-827f-fab1946d1bbd
|t 0
|
| 952 |
f |
f |
|p ric
|a Texas A&M University
|b Rellis Campus
|c Joint Library Facility
|d Remote Storage
|t 0
|e HC59 .L5613 1987
|h Library of Congress classification
|i unmediated -- volume
|m A14810943532
|
| 998 |
f |
f |
|a HC59 .L5613 1987
|t 0
|l Remote Storage
|